000 00214nam a22000857a 4500
008 170118b xxu||||| |||| 00| 0 eng d
100 _92461
_aSood.K.
245 _aGeneral Knowledge-8
260 _aNew Delhi
_bDhanapat
_c2013
999 _c5522
_d5522